000 01286nam0a22002651 4500
001 rc\3052408
005 20250810062811.0
035 _a(NLR Aleph) 007191773
090 _a7544828
_c7544828
100 _a20111010d1944 u y0rusy50 ca
101 0 _arus
102 _aRU
105 _aa z |||||
200 1 _aНеотложные мероприятия по дальнейшему увеличению и улучшению общественного животноводства и повышению его продуктивности в колхозах Семеновского района
_e[Иван. обл.]
_e[Сб. статей]
_fПод ред. д-ра биол. наук, проф. Иван. с.-х. ин-та Полтырева С.С.
_gиван. с.-х. ин-т
210 _aс. Семеновское
_cБ. и.
_d1944
215 _a82 с.
_cил.
_d22 см
702 1 _aПолтырев
_bС.С.
_f1905-
_gСавелий Соломонович
_4340
712 0 2 _aИвановский сельскохозяйственный институт
_4570
801 0 _aRU
_bNLR
_gpsbo
801 1 _aRU
_bELAR
_2rusmarc
852 _aNLR
_bС
_j80 Г-6/14
942 _cBOOK
945 _aРоссийская национальная библиотека
980 _aNB
980 _aBV